000 00666nam a2200229Ia 4500
003 OSt
005 20220918175945.0
006 a|||||r|||| 00| 0
007 ta
008 220917b |||||||| |||| 00| 0 eng d
024 _a19,962
037 _cTextual
040 _aARTS
_cARTS
_beng
041 _2eng
_aeng
082 _aO:3K59:6, K4
100 _aDefoe Daniel
245 0 _aRoxana
_b The fortunate mistress or a history of the life and vast variety of fortunes of Mademoiselle de Beleau etc ed by Jane Jack
260 _c1964
650 _aENGLISH LITERATURE
942 _hO:3K59:6, K4
_cTEXL
_2CC
999 _c159757
_d159757